| 000 | 01975nam a22001937a 4500 | ||
|---|---|---|---|
| 005 | 20250217161829.0 | ||
| 008 | 250217b |||||||| |||| 00| 0 eng d | ||
| 040 | _cLDD | ||
| 100 | _aNehez, Jaana | ||
| 245 |
_aHow to identify actions to improve in the practices of a professional learning community: _ba study of an action research project |
||
| 260 |
_aUK : _bRoutledge Taylor & Francis Group, _c2024. |
||
| 300 | _bp. 884-902 | ||
| 490 |
_aEducational Action Research _vVol. 32(5) |
||
| 500 | _aThis article presents an action research project conducted in a Swedish compulsory school. In the project the participants explored ways of identifying actions to improve in the practices of a professional learning community in order to develop teaching. This is important for participants in such communities, since the outcome of developed teaching is challenging to achieve. The exploration is guided by practice theories and is based on three practices: teachers’ peer observations of teaching, teachers’ planning of these observations, and teachers’ and a researcher’s joint conversations based on the observations. By identifying actions in these practices and the relations between them, the findings show that how participating teachers formulated the direction of peer observations influenced the feedback that colleagues gave during observation practices, which in turn influenced both the input to and outcome of the conversations that followed these observations. The study not only shows that this happened, but also how and why it happened, as well as how it can be visualised. Overall, the findings clearly demonstrate what promoted and what prevented the teachers’ professional learning and what needed to be improved. | ||
| 650 | _aEcologies Of Practices | ||
| 650 | _aDevelopment Of Teaching | ||
| 856 |
_yclick here to access online _uhttps://www.tandfonline.com/doi/full/10.1080/09650792.2023.2298424#abstract |
||
| 942 |
_2ddc _cARTICLES |
||
| 999 |
_c194924 _d194924 |
||